| 000 | 00558nam a2200181Ia 4500 | ||
|---|---|---|---|
| 005 | 20250423101741.0 | ||
| 008 | 250422s9999 xx 000 0 und d | ||
| 020 | _a9780367254018 | ||
| 050 | _aPN 1996 .W29/ | ||
| 100 | _aWeinstein, Anna | ||
| 245 | 0 | _aWriting women for film & television | |
| 260 | _aLondon | ||
| 260 | _bRoutledge Taylor & Francis Group | ||
| 260 | _c2024 | ||
| 300 | _aix, 193p. ill. | ||
| 650 | _aMotion picture authorship. Television authorship. Women in literature. Characters and characteristics in literature. | ||
| 942 | _cBK | ||
| 999 |
_c37170 _d37170 |
||